| Tag |
First Indicator |
Second Indicator |
Subfields |
| LEADER |
00000cam a2200000 a 4500 |
| 001 |
in00002786571 |
| 005 |
20211120170321.0 |
| 006 |
m d f |
| 007 |
cr bn||||||||| |
| 008 |
111108s2008 dcuk of f000 0 eng c |
| 035 |
|
|
|a (OCoLC)ocn760003454
|
| 040 |
|
|
|a GAO
|c GAO
|d GPO
|d MvI
|d UtOrBLW
|
| 042 |
|
|
|a pcc
|
| 043 |
|
|
|a n-us---
|
| 049 |
|
|
|a WWW
|
| 050 |
|
4 |
|a UH223
|b .A328
|
| 074 |
|
|
|a 0306-A (online)
|
| 086 |
0 |
|
|a D 1.6/2:M 46/2008
|
| 088 |
|
|
|a DoD 6010.13-M
|
| 110 |
1 |
|
|a United States.
|b Office of the Assistant Secretary of Defense (Health Affairs)
|
| 245 |
1 |
0 |
|a Medical expense and performance reporting system for fixed military medical and dental treatment facilities :
|b manual.
|
| 246 |
3 |
|
|a Medical expense and performance reporting system for fixed military medical and dental treatment facilities manual
|
| 264 |
|
1 |
|a [Washington, D.C.] :
|b U.S. Dept. of Defense, Office of the Assistant Secretary of Defense Health Affairs,
|c [2008]
|
| 300 |
|
|
|a 1 online resource (262 pages) :
|b forms
|
| 336 |
|
|
|a text
|b txt
|2 rdacontent
|
| 337 |
|
|
|a computer
|b c
|2 rdamedia
|
| 338 |
|
|
|a online resource
|b cr
|2 rdacarrier
|
| 500 |
|
|
|a Title from title screen (viewed on Nov. 3, 2011).
|
| 500 |
|
|
|a "April 7, 2008."
|
| 500 |
|
|
|a "This manual is issued under the authority of Department of Defense (DoD) Directive 6000.12 (Reference (a))"--P. 2.
|
| 500 |
|
|
|a "DoD 6010.13-M, 'Medical expense and performance reporting system for fixed military medical and dental treatment facilities,' November 21, 2000, is hereby canceled"--P. 2.
|
| 500 |
|
|
|a "DoD 6010.13-M."
|
| 500 |
|
|
|a Electronic resource.
|
| 651 |
|
0 |
|a United States
|x Armed Forces
|x Medical care
|v Handbooks, manuals, etc.
|
| 651 |
|
0 |
|a United States
|x Armed Forces
|x Dental care
|v Handbooks, manuals, etc.
|
| 610 |
1 |
0 |
|a United States.
|t Armed Forces
|x Accounting
|v Handbooks, manuals, etc.
|
| 651 |
|
0 |
|a United States
|x Armed Forces
|v Records and correspondence
|v Handbooks, manuals, etc.
|
| 651 |
|
0 |
|a United States
|x Armed Forces
|x Appropriations and expenditures
|v Handbooks, manuals, etc.
|
| 651 |
|
0 |
|a United States
|x Armed Forces
|x Facilities
|v Handbooks, manuals, etc.
|
| 856 |
4 |
0 |
|u https://purl.fdlp.gov/GPO/gpo30865
|t 0
|
| 999 |
|
|
|a MARS
|
| 999 |
f |
f |
|s 0f6f2de2-017f-3d5d-ba7d-cbc1d6079d30
|i a120398d-d601-32af-9cf1-bf01548bd2f7
|t 0
|
| 952 |
f |
f |
|a Texas A&M University
|b College Station
|c Electronic Resources
|d Available Online
|t 0
|e D 1.6/2:M 46/2008
|h Superintendent of Documents classification
|
| 998 |
f |
f |
|a D 1.6/2:M 46/2008
|t 0
|l Available Online
|